000 00828nam a2200229 4500
001 202834
090 _a202834
100 _a20251104 pory50
200 _aCritique de la raison pure
_fEmmanuel Kant
_gtraduction française avec note par A. Tremesaygues, B. Pacaud ; préface de Ch. Serrus
210 _aFrance
_cUniversitaires
_d1965
215 _aXXXI, 586 p.
_cbrochado
_d23 cm
225 _aBibliothèque de Philosophie Contemporaine
_gFélix Alcan
300 _aContém muitas notas do Prof. Dr. Almeida Faria ao longo do livro
606 _914648
_aMetafísica
675 _a11
_vPT
_zpor
700 _92656
_akant
_bImmanuel
_f1724-1804
702 _917683
_aTremesaygues
_bA.
702 _917684
_aPacaud
_bB.
702 _917685
_aSerrus
_bCh.
801 _aPT
_bBMMN
_gRPC
830 _cAna Falardo
_gAna Falardo
990 _cLIVROS